000 01372nam a22002777a 4500
001 EPSA 0276
003 gtcocun
005 20250918191017.0
006 a||||gr|||| 00| 0
007 ta
008 250918b2024 gt ||||| m||| 00| 0 eng d
040 _agtcocun
_bSPA
_cgtcocun
_eRDA
041 _aSPA EPSA 0276
084 _0EPSA 0276
100 _aCaal Cabnal, Rosa María
_eAutor
245 _aINFORME FINAL DEL EJERCICIO PROFESIONAL SUPERVISADO, REALIZADO EN AGROSERVICIO LA FINQUITA, COBÁN, ALTA VERAPAZ/
_cRosa María Caal Cabnal.
_hImpreso
264 _aCobán, Alta Verapaz:
_bUniversidad de San Carlos de Guatemala, Centro Universitario del Norte, Licenciatura en Administración de Empresas
_c2024
300 _a62 p.:
_bIlustraciones, gráficas.
_c28 cm;
502 _eEPSA 0276
502 _aEjercicio Profesional Supervisado
_bLicenciatura en Administración de Empresas,
_cUniversidad de San Carlos de Guatemala, Centro Universitario del Norte, Licenciatura en Administración de Empresas
_d2024
_oEPSA 0276
650 _2LEMB
_aCobán, Alta Verapaz
_xAdministración
_xManual
_xInventario
_xClientes
_xFunciones
_xSeguridad
_xColaboradores
700 _aM.A. María Mercedez Juárez Richter
_eAsesor
856 _uSin archivo en línea.
_zSin archivo en línea.
942 _2ddc
_cTES
_iEPSA 0276
_kClasificación
_n0
_6EPSA_0276_000000000000000
999 _c1963
_d1963